Administrative Simplification in the Mexican Social Security Institute

Gespeichert in:
Bibliographische Detailangaben
Format: Buch
Sprache:Englisch
Veröffentlicht: Paris OECD 2019
Schlagworte:
Tags: Tag hinzufügen
Keine Tags, Fügen Sie das erste Tag hinzu!

MARC

LEADER 00000nam a2200000 4500
001 0262427
005 20221220064214.0
020 |a 978-92-64-30655-4 
041 0 |a eng 
044 |a FR 
245 1 0 |a Administrative Simplification in the Mexican Social Security Institute 
264 1 |a Paris  |b OECD  |c 2019 
300 |a 140 s. 
610 2 0 |a zabezpečenie sociálne 
610 2 0 |a inštitúcia 
610 2 0 |a administratíva 
610 2 0 |a opatrenia 
610 2 0 |a formuláre 
610 2 0 |a informácie 
610 2 0 |a digitalizácia 
610 2 0 |a porovnanie štatistické 
610 2 0 |a Mexiko